000 00411nam a2200169Ia 4500
008 230524s9999 xx 000 0 und d
020 _a0195112280
082 _a4.16
_bCAD
100 _aFredrick M. Cady
_911959
245 0 _aMicrocontrollor and Microcomputers
250 _a1ST
260 _aNOIDA
_bOxford
_c2003
300 _aXVI;252
500 _aQuantity Number: 1
650 _aComp-Sc
942 _cBK
999 _c16537
_d16537